Normal view
MARC view
- البخيت،محمد عدنان تقديم/زاهدة،عزت زاهدة .... وآخرون إعداد وتكشيف
Entry Personal Name
001 - CONTROL NUMBER
- control field: 3693
003 - CONTROL NUMBER IDENTIFIER
- control field: JO-AjAnu
005 - DATE AND TIME OF LATEST TRANSACTION
- control field: 20230606070916.0
008 - FIXED-LENGTH DATA ELEMENTS
- fixed length control field: 230606|| aca||aabn | a|a d
040 ## - CATALOGING SOURCE
- Original cataloging agency: JO-AjAnu
- Transcribing agency: JO-AjAnu
100 ## - HEADING--PERSONAL NAME
- Personal name: البخيت،محمد عدنان تقديم/زاهدة،عزت زاهدة .... وآخرون إعداد وتكشيف
670 ## - SOURCE DATA FOUND
- Source citation: Work cat.: (JO-AjAnu)1926: البخيت،محمد عدنان تقديم/زاهدة،عزت زاهدة .... وآخرون إعداد وتكشيف, author, ج2، الإنتاج العلمي للعاملين في الجامعة الأردنية 1988-2011م باللغة الانجليزية